书目信息 |
| 题名: |
太平天国诗歌选
|
|
| 作者: | ;太平天国历史博物馆 编 | |
| 分册: | ||
| 出版信息: | 上海 上海人民出版社 1978 |
|
| 页数: | 212页 | |
| 开本: | 19cm | |
| 丛书名: | ||
| 单 册: | ||
| 中图分类: | I222.752 , I222 | |
| 科图分类: | ||
| 主题词: | 诗歌--中国--清代--选集 | |
| 电子资源: | ||
| ISBN: | ||
| 000 | 00654nam0 2200229 450 | |
| 001 | 1573311609 | |
| 005 | 20150120202217.39 | |
| 010 | @dCNY0.46 | |
| 091 | @a11074.382 | |
| 100 | @a19950719d1978 em y0chiy0110 ea | |
| 101 | 0 | @achi |
| 102 | @aCN@b310000 | |
| 105 | @af z 000gy | |
| 200 | 1 | @a太平天国诗歌选@9tai ping tian guo shi ge xuan@f太平天国历史博物馆编 |
| 210 | @a上海@c上海人民出版社@d1978 | |
| 215 | @a212页@c图@d19cm | |
| 606 | 0 | @a诗歌@y中国@z清代@x选集 |
| 690 | @aI222.752@v5 | |
| 690 | @aI222@v4 | |
| 711 | 02 | @a太平天国历史博物馆@9tai ping tian guo li shi bo wu guan@4编 |
| 801 | 0 | @aCN@bTSSF@c20150120 |
| 905 | @aZUCC@dI222@eJY128 | |
| 太平天国诗歌选/太平天国历史博物馆编.-上海:上海人民出版社,1978 |
| 212页:图;19cm |
| ISBN :CNY0.46 |
| ● |
| 相关链接 |
|
|
|
|
正题名:太平天国诗歌选
索取号:I222/JY128
 
预约/预借
| 序号 | 登录号 | 条形码 | 馆藏地/架位号 | 状态 | 备注 |
| 1 | 7837082 | 278370825 | 学院路分馆/ [索取号:I222/JY128] | 在馆 |